UBT Library

Framing dropouts : (Record no. 41039)

000 -LEADER
fixed length control field 00809cam a2200253 a 4500
001 - CONTROL NUMBER
control field 1053480
005 - DATE AND TIME OF LATEST TRANSACTION
control field 20180126091028.0
008 - FIXED-LENGTH DATA ELEMENTS--GENERAL INFORMATION
fixed length control field 900205s1991 nyu b s001 0 eng
010 ## - LIBRARY OF CONGRESS CONTROL NUMBER
LC control number 90032135
020 ## - INTERNATIONAL STANDARD BOOK NUMBER
International Standard Book Number 079140403X (alk. paper)
020 ## - INTERNATIONAL STANDARD BOOK NUMBER
International Standard Book Number 0791404048 (pbk. : alk. paper)
040 ## - CATALOGING SOURCE
Original cataloging agency DLC
Transcribing agency DLC
Modifying agency DLC
041 ## - LANGUAGE CODE
Language code of text/sound track or separate title eng
043 ## - GEOGRAPHIC AREA CODE
Geographic area code n-us-ny
080 ## - UNIVERSAL DECIMAL CLASSIFICATION NUMBER
Universal Decimal Classification number 373.12
082 00 - DEWEY DECIMAL CLASSIFICATION NUMBER
Classification number 373.12 FIN
Edition number 20
100 1# - Rafti
Rafti 46
101 ## - Shkurtesa
Shkurtesa EDU
245 10 - TITLE STATEMENT
Title Framing dropouts :
Statement of responsibility, etc Michelle Fine.
504 ## - BIBLIOGRAPHY, ETC. NOTE
Bibliography, etc Includes bibliographical references (p. [269]-292).
906 ## - LOCAL DATA ELEMENT F, LDF (RLIN)
a 7
b cbc
c orignew
d 1
e ocip
f 19
g y-gencatlg
942 ## - ADDED ENTRY ELEMENTS (KOHA)
Source of classification or shelving scheme
Item type Books
Holdings
Withdrawn status Lost status Source of classification or shelving scheme Damaged status Not for loan Collection code Permanent location Current location Shelving location Date acquired Total Checkouts Full call number Barcode Date last seen Price effective from Koha item type
          Koleksioni i përgjithshem UBT - Lipjan UBT - Lipjan Koleksioni i përgjithshem 01/26/2018   373.12 FIN 002-2996471 01/26/2018 01/26/2018 Books
UBT Library © 2015-2024. All rights reserved University Education for Business and Technology